000 00642nam a2200229 a 4500
001 BRCA_5324
005 20190320205031.0
008 031210s19uu----gw-a######---#000-0#ger-#
041 _ager
044 _agw
050 4 _aND653
_b.D35 1920
100 1 _aDake, C. L.
_913656
245 1 0 _aJosef Isräels
_cvon C. L. Dake.
260 _aBerlín, Alemania
_bInternationale
_c[1920?]
300 _a79 p.
_bil. (algunas a color), 55 láminas
_c30 cm.
500 _aIncluye índice de ilustraciones
500 _aE93
600 1 4 _aIsräels, Josef
_d1824-1911
_913657
650 1 4 _aPintores holandeses
_913658
902 _aGFM
942 _2lcc
_cB
999 _c5018
_d5018